The triangulation effects of family structure and attachment on adolescent substance use

Gespeichert in:  
Bibliographische Detailangaben
1. VerfasserIn: Barfield-Cottledge, Tiffiney (Verfasst von)
Medienart: Elektronisch Aufsatz
Sprache:Englisch
Veröffentlicht: 2015
In: Crime & delinquency
Jahr: 2015, Band: 61, Heft: 2, Seiten: 297-320
Online-Zugang: Volltext (lizenzpflichtig)
Verfügbarkeit prüfen: HBZ Gateway

MARC

LEADER 00000caa a22000002c 4500
001 1912730669
003 DE-627
005 20250115055035.0
007 cr uuu---uuuuu
008 241217s2015 xx |||||o 00| ||eng c
024 7 |a 10.1177/0011128711420110  |2 doi 
035 |a (DE-627)1912730669 
035 |a (DE-599)KXP1912730669 
040 |a DE-627  |b ger  |c DE-627  |e rda 
041 |a eng 
084 |a 2,1  |2 ssgn 
100 1 |a Barfield-Cottledge, Tiffiney  |e VerfasserIn  |4 aut 
245 1 4 |a The triangulation effects of family structure and attachment on adolescent substance use 
264 1 |c 2015 
336 |a Text  |b txt  |2 rdacontent 
337 |a Computermedien  |b c  |2 rdamedia 
338 |a Online-Ressource  |b cr  |2 rdacarrier 
773 0 8 |i Enthalten in  |t Crime & delinquency  |d Thousand Oaks, Calif. [u.a.] : Sage Publications, 1960  |g 61(2015), 2, Seite 297-320  |h Online-Ressource  |w (DE-627)306655128  |w (DE-600)1499997-3  |w (DE-576)081985045  |x 1552-387X  |7 nnas 
773 1 8 |g volume:61  |g year:2015  |g number:2  |g pages:297-320 
787 0 8 |i Forschungsdaten  |a Gold, Martin  |t National Survey of Youth, 1972  |d [Erscheinungsort nicht ermittelbar] : [Verlag nicht ermittelbar], 1984  |w (DE-627)1840061138 
856 4 0 |u https://doi.org/10.1177/0011128711420110  |x Resolving-System  |z lizenzpflichtig  |3 Volltext  |7 1 
935 |a mkri 
951 |a AR 
ELC |a 1 
LOK |0 000 xxxxxcx a22 zn 4500 
LOK |0 001 4637696224 
LOK |0 003 DE-627 
LOK |0 004 1912730669 
LOK |0 005 20241217045102 
LOK |0 008 241217||||||||||||||||ger||||||| 
LOK |0 035   |a (DE-2619)ICPSR117614 
LOK |0 040   |a DE-2619  |c DE-627  |d DE-2619 
LOK |0 092   |o n 
LOK |0 852   |a DE-2619 
LOK |0 852 1  |9 00 
LOK |0 935   |a nacp 
LOK |0 939   |a 17-12-24  |b l01 
ORI |a SA-MARC-krimdoka001.raw